000 01617nam a22003977a 4500
003 CHAP
005 20220329143838.0
008 111214s2011 mx r 00010 spa d
010 _a102689
011 _a103661
035 _a114350
040 _cCHAP
090 _aTesis
100 1 _aMéndez Sánchez, Rolando.
_976589
245 1 0 _aUtilización de compuestos gluconeogénicos en la alimentación previa y posterior al empadre en cabras lecheras
_h[En línea]
_c/por Rolando Méndez Sánchez y Efraín Ovalle Vázquez
260 _aChapingo, Méx. :
_bEl autor,
_c2011
500 _aPara ver el contenido del Material haga clic en la liga
502 _aTesis (Ing. Agr. Esp. en Zootecnia) -- UACH. Departamento de Zootecnia
590 _aALEPH
_b10
_c20130110
_lUCH01
_h1543
590 _aBATCH-UPD
_b10
_c20130110
_lUCH01
_h1128
590 _aBATCH-UPD
_b10
_c20130410
_lUCH01
_h0543
590 _aBATCH-UPD
_b10
_c20130914
_lUCH01
_h0231
590 _aBATCH-UPD
_b10
_c20140324
_lUCH01
_h1529
590 _aBATCH-UPD
_b10
_c20141002
_lUCH01
_h0852
590 _aCONVERSION
_b10
_c20130109
_lUCH01
_h1357
650 1 4 _aAlimentos balanceados.
_94301
650 1 4 _aGanado cabrío
_xAlimentación.
_944990
650 1 4 _aGanado cabrío
_xProducción.
_945038
650 1 4 _aGanado lechero.
_945237
700 1 _aOvalle Vázquez, Efraín.
_984376
856 _3Finding aid
_uhttp://10.13.5.2/tesis/114350.pdf
_zTeclea aqui
901 _aBK
942 _cFOLL
949 _aTesis
_bBC
_cTES
_d33724002319017
_eTS1
_gDonaciØn
_h53161
_i114350
_st
949 _aTesis
_bBC
_cTES
_d33724002319058
_eTS2
_fc.2
_gDonaciØn
_h53162
_i114350
_st
999 _c102689
_d102689